Παρεμβάσεις ΙΙ : γλωσσικά

Αποθηκεύτηκε σε:
Λεπτομέρειες βιβλιογραφικής εγγραφής
Κύριος συγγραφέας: Καλιορής, Γιάννης Μ.
Μορφή: Βιβλίο
Γλώσσα:Greek
Δημοσίευση: Αθήνα : Εξάντας, 1986
Θέματα:
Ετικέτες: Προσθήκη ετικέτας
Δεν υπάρχουν, Καταχωρήστε ετικέτα πρώτοι!

MARC

LEADER 00000nam a2200000 i 4500
001 1/72628
008 960507s1986 gre d
035 |a 1989  |b 2  |c Δωρεά  |l 10031293 
040 |a GR-MY-UA  |b gre  |e aacr 
041 0 |a gre 
082 0 |a 489.3 
100 1 |a Καλιορής, Γιάννης Μ. 
245 1 0 |a Παρεμβάσεις ΙΙ :  |b γλωσσικά /  |c Γιάννη Μ.Καλιόρη 
260 |a Αθήνα :   |b Εξάντας,   |c 1986 
300 |a 392 σ. 
650 0 0 |a Greek language, Modern. 
852 |a INST  |b RHODES  |e 19960507  |h 489.3 ΚΑΛ  |p 005400003258  |q 005400003258  |t BK  |y 0 
909 |a Ρ  |b 014849  |c 1989